Culturally Proficient Inquiry (Record no. 24556)

MARC details
000 -LEADER
fixed length control field 00862nam a22002417a 4500
003 - CONTROL NUMBER IDENTIFIER
control field OSt
005 - DATE AND TIME OF LATEST TRANSACTION
control field 20260617125547.0
008 - FIXED-LENGTH DATA ELEMENTS--GENERAL INFORMATION
fixed length control field 260617b |||||||| |||| 00| 0 eng d
020 ## - INTERNATIONAL STANDARD BOOK NUMBER
International Standard Book Number 9781412926027
040 ## - CATALOGING SOURCE
Transcribing agency Chuka University Library
050 ## - LIBRARY OF CONGRESS CALL NUMBER
Classification number LC 1099.3 .C8 2008
100 ## - MAIN ENTRY--PERSONAL NAME
Personal name Lindsey, Randall B.
9 (RLIN) 28571
245 ## - TITLE STATEMENT
Title Culturally Proficient Inquiry
Remainder of title A Lens for Identifying and Examining Educational Gaps
260 ## - PUBLICATION, DISTRIBUTION, ETC.
Place of publication, distribution, etc. Thousand Oaks
Name of publisher, distributor, etc. Corwin Press
Date of publication, distribution, etc. 2008
300 ## - PHYSICAL DESCRIPTION
Extent Various Paging
Other physical details Index and Bibliographical References
650 ## - SUBJECT ADDED ENTRY--TOPICAL TERM
Topical term or geographic name entry element Multicultural Education-United States
9 (RLIN) 27050
650 ## - SUBJECT ADDED ENTRY--TOPICAL TERM
Topical term or geographic name entry element Education -Political Aspects- United States
9 (RLIN) 29726
650 ## - SUBJECT ADDED ENTRY--TOPICAL TERM
Topical term or geographic name entry element Academic Achievement- United States
9 (RLIN) 27676
700 ## - ADDED ENTRY--PERSONAL NAME
Personal name Stephanie M. Graham
9 (RLIN) 29727
700 ## - ADDED ENTRY--PERSONAL NAME
Personal name R. Chris Westphal Jr.
9 (RLIN) 29728
700 ## - ADDED ENTRY--PERSONAL NAME
Personal name Cynthia L. Jew
9 (RLIN) 29729
942 ## - ADDED ENTRY ELEMENTS (KOHA)
Source of classification or shelving scheme Library of Congress Classification
Koha item type Long Loan Books
Suppress in OPAC No
Holdings
Withdrawn status Lost status Source of classification or shelving scheme Damaged status Not for loan Collection Home library Current library Shelving location Date acquired Source of acquisition Total Checkouts Full call number Barcode Date last seen Cost, replacement price Price effective from Koha item type
    Library of Congress Classification     General Collection Books Main Campus Library Main Campus Library General Stacks 17/06/2026 Donations from book of Africa   LC 1099.3 .C8 2008 35101/2026 17/06/2026 5300.57 17/06/2026 Long Loan Books
    Library of Congress Classification     General Collection Books Main Campus Library Main Campus Library General Stacks 22/06/2026 Donations From Books For Africa   LC 1099.3 .C8 2008 35710/2026 22/06/2026   22/06/2026 Long Loan Books

Powered by Koha